000
00314nam a2200133Ia 4500
005
20251222141931.0
008
251222s9999||||xx |||||||||||||| ||spa||
020
_a
2-84105-022-X
082
_a
708.44/P53
100
_a
Deschodt, Eric
245
0
_a
D'un musÃe l'autre en Picardie
264
_b
Regard
942
_c
LIB
999
_c
9042
_d
9042